JJS Characters: Skill or bum - Statistics

General Stats
  • This quiz has been taken 121 times
  • The average score is 11 of 16
Answer Stats
Question Answer % Correct
Honored One Bum
87%
Cursed Child (Chara) REMOVE THIS BUM FROM THE GAME
86%
Cursed Partners Fraud Bumta
84%
Defense Attorney Super Bum
82%
Ten Shadows Potential bum
79%
Locust Guy Delete
78%
Head of the Hei Lock on bum
78%
Restless Gambler Easy 70% red (bum)
76%
Aspiring Mangaka Bum
75%
Switcher Bum and people lie abt him being skill
72%
Star Rage Skill (no black hole)
66%
Puppet Master Mid
63%
Blood Manipulator Bum if you do the stupid supernova downslam tech
56%
Salaryman Green (skill?)
54%
Vessel Bum
44%
Perfection Bum
44%
No matching quizzes found
Score Distribution
Percent of People with Each Score
Percentile by Number Answered
Your Score History
You have not taken this quiz